Ensayos [de Montaigne] /

Colección conformada por 40 volúmenes (de la cual el Iteso cuenta con 39) en la que se reúnen las obras fundamentales de la literatura universal. La selección comprende distintos géneros, como novela, poesía, cuento, teatro, epístolas, biografías, oratoria, relatos históricos y tratados filosóficos,...

Descrizione completa

Salvato in:
Dettagli Bibliografici
Autore principale: Montaigne, Michel Eyquem de (autor)
Altri autori: Martínez Estrada, Ezequiel (selección, preliminares, y traducción) (selección, preliminares, y traducción)
Natura: Libro
Lingua:spagnolo
Pubblicazione: Buenos Aires, Argentina : W.M. Jackson, 1960, c1960
Edizione:5a edición
Serie:(Clásicos Jackson ; Primera Serie) 13.
Soggetti:
Tags: Aggiungi Tag
Nessun Tag, puoi essere il primo ad aggiungerne!!

MARC

LEADER 00000nam^a2200000^a^4500
001 000361448
005 20250521000000.0
009 20260310115453.457
037 |a Acervo ITESO - Biblioteca 
041 |a ESP 
082 |a 808. 8  |b JAC V. 13 
100 |a Montaigne, Michel Eyquem de  |e (autor) 
240 1 1 |a [Ensayos de Montaigne] 
245 1 0 |a Ensayos [de Montaigne] /  |c M.E. de Montaigne ; selec., prelim. y tr. por E. Martínez Estrada. 
250 |a 5a edición 
264 4 |a Buenos Aires, Argentina :  |b W.M. Jackson,  |c 1960, c1960 
300 |a C, 380 p. 
336 |a texto  |b txt  |2 rdacontenido 
337 |a sin mediación  |b n  |2 rdamedio 
338 |a volumen  |b nc  |2 rdasoporte 
440 1 |a (Clásicos Jackson ;  |v 13.  |p Primera Serie) 
520 |a Colección conformada por 40 volúmenes (de la cual el Iteso cuenta con 39) en la que se reúnen las obras fundamentales de la literatura universal. La selección comprende distintos géneros, como novela, poesía, cuento, teatro, epístolas, biografías, oratoria, relatos históricos y tratados filosóficos, que abarcan desde la Grecia antigua hasta principios del siglo XX. Cada volumen incluye un estudio preliminar en el que se describe y valora las cualidades literarias de las obras en cuestión. 
649 |a XX 
650 |a Ensayos Franceses 
650 |a Epistemología 
650 |a Estética 
650 |a Etica 
650 |a Escepticismo 
650 |a Filosofía del Renacimiento 
650 |a Filosofía Política 
650 |a Filosofía Francesa 
650 |a Filosofía y Literatura 
650 |a Literatura Francesa -  |y Siglo XVI 
700 |a Martínez Estrada, Ezequiel  |e (selección, preliminares, y traducción) 
910 |a Fondo General 
920 |a Impresos - Libros 
930 |a Colección General 
940 |a Literatura 
905 |a 101 
901 |a 0500254654  |b IT1  |c LIT  |i D72006  |u 20250521 
902 |a https://opac.biblio.iteso.mx/vufind/Record/000361448